Central Library OPAC University of Rajshahi
Normal view MARC view

Entry Geographic Name

Number of records used in: 2

001 - CONTROL NUMBER

  • control field: 6087

003 - CONTROL NUMBER IDENTIFIER

  • control field: BD-RjUL

005 - DATE AND TIME OF LATEST TRANSACTION

  • control field: 20221130110629.0

008 - FIXED-LENGTH DATA ELEMENTS

  • fixed length control field: 221130|| aca||aabn | a|a d

040 ## - CATALOGING SOURCE

  • Original cataloging agency: BD-RjUL
  • Transcribing agency: BD-RjUL

151 ## - HEADING--GEOGRAPHIC NAME

  • Geographic name: Iṣfahān (Iran)
  • Form subdivision: Biography
  • Form subdivision: Early works to 1800

670 ## - SOURCE DATA FOUND

  • Source citation: Work cat.: (BD-RjUL)80866: 880-01 Abū Nuʻaym al-Iṣbahānī, Aḥmad ibn ʻAbd Allāh, 948-1038, author. 6085, /ابو نعيم احمد بن عبدالله بن احمد بن اسحاق الاصبهاني = Geschichte Iṣbahāns /